| 000 | 00497nam a2200181Ia 4500 | ||
|---|---|---|---|
| 001 | 17982 | ||
| 005 | 20260306171557.0 | ||
| 008 | 260306s9999||||xx |||||||||||||| ||und|| | ||
| 041 | _aESP | ||
| 082 |
_a658.3 _bV66 |
||
| 100 |
_aVillalba Calles, José Javier _eAUT |
||
| 245 | 0 |
_aAdministración del capital humano: _bmanual para pymes y empresas sin dirección de RR.HH. |
|
| 260 | _c2014 | ||
| 300 |
_a273 páginas : _c24 cm. |
||
| 650 | _aGEN | ||
| 654 | _aCAN | ||
| 942 |
_cLIB _dJUS _fJUS _2ddc _n |
||
| 999 |
_c17982 _d17982 |
||